logo

Bir Sreshtho Munshi Abdur Rouf Library
Jhenaidah Cadet College

A study of history 5 : (Record no. 7454)

MARC details
000 -LEADER
fixed length control field 00905cam a2200289 i 4500
001 - CONTROL NUMBER
JCCL Control Number 7454
003 - CONTROL NUMBER IDENTIFIER
JCCL marc code BD-JhCC
005 - DATE AND TIME OF LATEST TRANSACTION
control field 20180210170305.0
008 - FIXED-LENGTH DATA ELEMENTS--GENERAL INFORMATION
fixed length control field 790524r19791972nyuab b 001 0 eng
020 ## - INTERNATIONAL STANDARD BOOK NUMBER
International Standard Book Number 0517179415
035 ## - SYSTEM CONTROL NUMBER
system control number (BD-JhCC)7454
040 ## - CATALOGING SOURCE
Original cataloging agency DLC
Transcribing agency DLC
Modifying agency DLC
-- BD-JhCC
041 ## - LANGUAGE CODE
Language code of Book eng
050 10 - LIBRARY OF CONGRESS CALL NUMBER
Classification number CB63
Item number .T6433 1979
082 00 - DEWEY DECIMAL CLASSIFICATION NUMBER
Classification number 909
Author mark and Year TOY 1979
100 1# - MAIN ENTRY--PERSONAL NAME
Personal name Toynbee, Arnold,
Dates associated with a name 1889-1975.
245 12 - TITLE STATEMENT
Title A study of history 5 :
Remainder of title the disintegrations of civilizations, part one /
Statement of responsibility, etc Arnold Toynbee.
250 ## - EDITION STATEMENT
Edition statement A new ed.
260 ## - PUBLICATION, DISTRIBUTION, ETC. (IMPRINT)
Place of publication, distribution, etc New York :
Name of publisher, distributor, etc Weathervane Books : distributed by Crown Publishers,
Date of publication, distribution, etc [1979] c1972.
300 ## - PHYSICAL DESCRIPTION
Pagination 576 p. :
Other physical details ill. (some col.), maps ;
Dimensions 38 cm.
504 ## - BIBLIOGRAPHY, ETC. NOTE
Bibliography, etc Includes bibliographical references and index.
650 #0 - SUBJECT ADDED ENTRY--TOPICAL TERM
Topical term or geographic name as entry element Civilization.
650 #0 - SUBJECT ADDED ENTRY--TOPICAL TERM
Topical term or geographic name as entry element History
General subdivision Philosophy.
650 #0 - SUBJECT ADDED ENTRY--TOPICAL TERM
Topical term or geographic name as entry element Historical geography
Form subdivision Maps.
942 ## - ADDED ENTRY ELEMENTS (KOHA)
Source of classification or shelving scheme Dewey Decimal Classification
Koha item type Books
Holdings
Source of classification or shelving scheme Damaged status Not for loan Home library Current library Shelving location Total Checkouts Full call number Barcode Date last seen Copy number Koha item type
Dewey Decimal Classification     JCC Rouf Library JCC Rouf Library General Stacks   909 TOY 1979 10064 02/10/2018 C - 1 Books

JCC Library | Contacts | JCC Home

Last Update on 23 September 2017
Copyright @ 2017-2020 JCC Rouf Library
Rouf Library, Jhenidah Cadet College (JCC), Bangladesh